Planning funding successful (Record no. 117989)

MARC details
000 -LEADER
fixed length control field 01349cam a2200217 4500
001 - CONTROL NUMBER
control field WB@3612-624
008 - FIXED-LENGTH DATA ELEMENTS--GENERAL INFORMATION
fixed length control field 040914n2004 000 0 eng u
035 ## - SYSTEM CONTROL NUMBER
System control number (Sirsi) u127389
245 ## - TITLE STATEMENT
Title Planning funding successful
260 ## - PUBLICATION, DISTRIBUTION, ETC.
Date of publication, distribution, etc. 2004
490 ## - SERIES STATEMENT
Series statement ODPM News Release
Volume/sequential designation (2004/0219) 14 September 2004 (3)
520 ## - SUMMARY, ETC.
Summary, etc. A survey of around 200 local authorities has revealed that councils spent more than two thirds of total planning delivery grant allocations for 2003/04 on recruiting additional staff and improving IT systems to help with the administration of planning caseloads. "Evaluation of planning delivery grant 2003/04" was carried out by Addison and Associates with Arup on behalf of the ODPM and can be viewed at: http://www.odpm.gov.uk/stellent/groups/odpm_planni ng/documents/page/odpm_plan_031090.pdf. Planning delivery grants were issued to all authorities in 2003/04, the minimum amount given being £75 000. The report has found that this funding has already made a significant difference in improving the speed and quality of local planning decisions. http://www.odpm.gov.uk/pns/DisplayPN.cgi?pn_id=200 4_0219
590 ## - LOCAL NOTE (RLIN)
Local note WB
590 ## - LOCAL NOTE (RLIN)
Local note WB
650 ## - SUBJECT ADDED ENTRY--TOPICAL TERM
Topical term or geographic name entry element PLANNING SYSTEM
650 ## - SUBJECT ADDED ENTRY--TOPICAL TERM
Topical term or geographic name entry element GOVERNMENT SPENDING
650 ## - SUBJECT ADDED ENTRY--TOPICAL TERM
Topical term or geographic name entry element SUSTAINABLE COMMUNITIES
650 ## - SUBJECT ADDED ENTRY--TOPICAL TERM
Topical term or geographic name entry element LOCAL AUTHORITIES
690 ## - LOCAL SUBJECT ADDED ENTRY--TOPICAL TERM (OCLC, RLIN)
Topical term or geographic name as entry element PLANNING
942 ## - ADDED ENTRY ELEMENTS (KOHA)
Suppress in OPAC 0
Holdings
Withdrawn status Lost status Source of classification or shelving scheme Damaged status Not for loan Home library Current library Shelving location Date acquired Total Checkouts Full call number Barcode Date last seen Copy number Price effective from Koha item type
    Dewey Decimal Classification     London London News article 14/09/2004   WB4035-12 127389-1001 06/08/2019 1 06/08/2019 News article